000 00965nam a2200217Ia 4500
001 L268-21640
003 IT-CnALBA
008 170116s9999||||xx |||||||||||||| ||und||
040 _aIT-CnALBA
_cIT-CnALBA
041 _aITALIANO
100 _aRABINO T., SACERDOTE ALBESE
245 0 _aLA MIA RELIGIONE. RIASSUNTO DI CORSO SUPERIORE DI RELIGIONE. PARTE III: LA MORALE.
_bLA MIA RELIGIONE. RIASSUNTO DI CORSO SUPERIORE DI RELIGIONE.
250 _a1a ed.
260 _a ALBA - ASTI - TO
_bLA TIPOGRAFICA
_c1927 [1° Ed.: n.d.]
500 _aI FONDAMENTI DELLA MORALE CATTOLICA. IL DECALOGO. I PRECETTI GENERALI DELLA CHIESA. I CONSIGLI EVANGELICI.
501 _aSocietà San Paolo EM - Piazza San Paolo, 14 - 12051 ALBA (CN) (non commercial uses only) ® Copyright 2017
520 _aI FONDAMENTI DELLA MORALE CATTOLICA. IL DECALOGO. I PRECETTI GENERALI DELLA CHIESA. I CONSIGLI EVANGELICI.
650 _aCATECHESI
942 _cBK
957 _71
999 _a26384
_bSI
_g Copie: 1
_c280746
_d280746